Soccer Players With More Than 500 Goals - Statistics

General Stats
  • This quiz has been taken 256 times
  • The average score is 9 of 23
Answer Stats
Goals Nationality Player % Correct
830+ Portugal Christiano Ronaldo
100%
800+ Argentina Lionel Messi
100%
762 Brazil Pelé
99%
729 Hungary/Spain Ferenc Puskás
78%
561+ Sweden Zlatan Ibrahimović
74%
619 Portugal Eusébio
70%
591+ Poland Robert Lewandowski
69%
634 West Germany Gerd Müller
68%
535+ Uruguay Luis Suarez
67%
530 Argentina/Spain Alfredo Di Stefano
45%
755 Brazil Romário
43%
507 Mexico Hugo Sánchez
32%
720 Austria/Czechoslovakia Josef Bican
16%
551 West Germany Uwe Seeler
8%
647 Northern Ireland Jimmy Jones
5%
511 Brazil Roberto Dinamite
3%
553 Portugal Fernando Peyroteo
2%
561 Northern Irelamd Glenn Ferguson
2%
504 Hungary Imre Schlosser
2%
552 Scotland Jimmy McGrory
2%
616 England Joe Bambrick
2%
502 Austria Franz Binder
1%
526 Hungary György Sárosi
1%
No matching quizzes found
Score Distribution
Percent of People with Each Score
Percentile by Number Answered
Your Score History
You have not taken this quiz